000 00371cam a2200157ua 4500
003 OSt
008 250108b |||||||| |||| 00| 0 eng d
041 _aeng
082 _a621.3841
_bSJO/US
100 _aSjobbema, D J W .
_96877
245 _aUsing transistors /
250 _a1 /
260 _aBombay :
_bB I Publications ,
_c1964.
300 _a131 ; .
942 _cBK
999 _c9019
_d9019